LEADER 06616oam 2201009 c 450 001 9910571892503321 005 20260302090207.0 010 $a9783847414841 010 $a3847414844 024 3 $a9783847414841 035 $a(CKB)4100000011279555 035 $a(MiAaPQ)EBC6221240 035 $a(Au-PeEL)EBL6221240 035 $a(OCoLC)1158216943 035 $a(Verlag Barbara Budrich)9783847414841 035 $a(oapen)https://directory.doabooks.org/handle/20.500.12854/83976 035 $a(Perlego)3256985 035 $a(EXLCZ)994100000011279555 100 $a20260302d2020 uy 0 101 0 $ager 135 $aurcnu|||||||| 181 $ctxt$2rdacontent 182 $cc$2rdamedia 183 $acr$2rdacarrier 200 00$aGeschlechterforschung in und zwischen den Disziplinen $eGender in Soziologie, Ökonomie und Bildung /$fJulia Hahmann, Ulrike Knobloch, Melanie Kubandt, Anna Orlikowski, Christina Plath 205 $a1st ed. 210 $aLeverkusen$cVerlag Barbara Budrich$d2020 215 $a1 online resource (234 pages) 225 0 $aL'AGENda 311 08$a9783847423591 311 08$a3847423592 327 $aCover -- Geschlechterforschung in und zwischen den Disziplinen. Gender in Soziologie, O?konomie und Bildung -- Inhaltsverzeichnis -- Grenzbegehungen. Geleitwort zum Sammelband "Geschlechterforschung in und zwischen den Disziplinen - Gender in Soziologie, O?konomie und Bildung" (Maren A. Jochimsen) -- Geschlechterforschung in und zwischen den Disziplinen: Gender als Querschnittsthema in Soziologie, O?konomie und Bildung. Einleitung (Julia Hahmann, Ulrike Knobloch, Melanie Kubandt, AnnaOrlkowski, Christina Plath) -- Geschlecht im Fokus der Soziologie und in den Erziehungswissenschaften -- Soziologische Feminismen: Ein Pla?doyer fu?r die Sta?rkung herrschaftskritischer Perspektiven am Beispiel der Alter(n)ssoziologie (Julia Hahmann) -- Ma?nnliche Legitimationsstrategien zur ungleichen vergeschlechtlichten Arbeitsteilung in Familie und Erwerbsarbeit (Jenny Ebert) -- Die gemiedene Kategorie der Psyche in der intersektionalen Diskriminierungskritik - Psychismus als Diskriminierungsform denken wagen (Sonja Lauff) -- Digitalisierungsprozesse in Kindheit und Kindertagessta?tten - Ein kritischer Diskurs zu "BigData" in kindlichen Lebenswelten am Beispiel von Geschlecht (Jaqueline Veenker) -- Geschlechterforschung in der O?konomie -- Plurale Feministische O?konomie und ihre normativen Grundlagen (Ulrike Knobloch) -- Inputs zur Pluralen Feministischen O?konomie -- Materialistischer Feminismus heute (Ann-Christin Kleinert) -- Feministisch-o?kologische (Postwachstums-)O?konomie (Corinna Dengler) -- Feministisch-o?kologische O?konomie der Zeit (Hanna Vo?lkle) -- Geschlecht in der experimentellen Verhaltenso?konomie (Bernd Josef Leisen) -- Peasant Women's Roles in Agroecology Facing Neo-Extractivism in Latin America (Ana Alvarenga de Castro) -- Herausforderungen interdisziplina?rer Geschlechterforschung. 327 $aGeschlechterforschung in Wechselwirkung mit gesellschaftlichen Prozessen: Reflexion und Weiterentwicklung von Theorien, Methoden und Diskursen (Anna Orlikowski) -- U?berlegungen zur Geschlechterforschung in der Russischen Fo?deration - eine komparatistische Anna?herung an einen Verstehensprozess (Rita Stein-Redent) -- Weiblicher Ethnosexismus. Frauen als Produzentinnen und Adressatinnen sexistischer Rassismen in der Flu?chtlingshilfe (Amanda Louise Palenberg) -- Vera?nderung von Geschlechterkonstruktionen und Resonanzverha?ltnissen durch Tango Argentino. Tangoerfahrungen als Ausgangspunkte von Geschlechterkulturation - eine Diskussion leibko?rperreflexiver Resonanzen in Tangopraxen unter Einbindung Hartmut Rosas Resonanztheorie (Gertrud Antonia Arlinghaus) -- Autor*innen- und Herausgeber*innenverzeichnis -- U4. 330 $aWelche Diskurse der Geschlechterforschung lassen sich identifizieren, wie verorten sie sich und an welche Denktraditionen knüpfen sie an? Angesichts der Vielfalt und Komplexität des wissenschaftlichen Gegenstandes Geschlecht verwundert es nicht, dass sich unterschiedliche disziplinäre Zugänge und Perspektiven entwickelt und herausgebildet haben. Der Band nimmt hier insbesondere die Disziplinen Soziologie, Ökonomie und Bildung in den Blick. The anthology takes the diversity and complexity of the scientific subject of gender as an opportunity to discuss the various disciplinary approaches and perspectives of sociology, economics and education. 410 0$aL'AGENda (Opladen, Leverkusen, Germany) 606 $agender studies 606 $aGeschlechterforschung 606 $asociology 606 $aSoziologie 606 $asocial sciences 606 $aSozialwissenschaften 606 $agender relations in society 606 $aGeschlechterverhältnisse in der Gesellschaft 606 $aplural feminist economy 606 $aPlurale Feministische Ökonomie 606 $aeconomics and gender 606 $aWirtschaftswissenschaften und Geschlecht 606 $aChancen- und Geschlechtergerechtigkeit 606 $aopportunities and gender justice 606 $aBildung und Geschlecht 606 $aeducation and gender 606 $aeducational sciences 606 $aErziehungswissenschaften 606 $afeminist theory 606 $aFeministische Theorie 615 4$agender studies 615 4$aGeschlechterforschung 615 4$asociology 615 4$aSoziologie 615 4$asocial sciences 615 4$aSozialwissenschaften 615 4$agender relations in society 615 4$aGeschlechterverhältnisse in der Gesellschaft 615 4$aplural feminist economy 615 4$aPlurale Feministische Ökonomie 615 4$aeconomics and gender 615 4$aWirtschaftswissenschaften und Geschlecht 615 4$aChancen- und Geschlechtergerechtigkeit 615 4$aopportunities and gender justice 615 4$aBildung und Geschlecht 615 4$aeducation and gender 615 4$aeducational sciences 615 4$aErziehungswissenschaften 615 4$afeminist theory 615 4$aFeministische Theorie 702 $aHahmann$b Julia$cDr.$4edt 702 $aKnobloch$b Ulrike$cProf. Dr.$4edt 702 $aKubandt$b Melanie$cProf. Dr.$4edt 702 $aOrlikowski$b Anna$cDr.$4edt 702 $aPlath$b Christina$4edt 801 0$bMiAaPQ 801 1$bMiAaPQ 801 2$bMiAaPQ 906 $aBOOK 912 $a9910571892503321 996 $aGeschlechterforschung in und zwischen den Disziplinen$94352690 997 $aUNINA